banner koha

Caracterização nutricional das folhas de Moringa oleifera (MOL) para frangos de corte (Registro n. 301052)

MARC details
000 -LÍDER
fixed length control field 03961nab a2200385 i 4500
003 - CÓDIGO MARC DA AGÊNCIA CATALOGADORA
Campo de controle BR-BrBNA
005 - DATA E HORA DA ÚLTIMA ATUALIZAÇÃO
Campo de controle 20240829095839.0
008 - CAMPO DE TAMANHO FIXO
fixed length control field 240829b2018 bl.|r|pooa||| 00| 0 por |
040 ## - FONTE DA CATALOGAÇÃO
Agência catalogadora BR-BrBNA
Idioma da catalogação por
072 ## - CATEGORIA AGRIS
Código AGRIS L02
Código do objeto 6100
100 ## - ENTRADA PRINCIPAL - NOME PESSOAL
Nome pessoal Macambira, G.M.
100 ## - ENTRADA PRINCIPAL - NOME PESSOAL
Nome pessoal Rabello, C.B.V.
100 ## - ENTRADA PRINCIPAL - NOME PESSOAL
Nome pessoal Navarro, M.I.V.
100 ## - ENTRADA PRINCIPAL - NOME PESSOAL
Nome pessoal Ludke, M.C.M.M.
100 ## - ENTRADA PRINCIPAL - NOME PESSOAL
Nome pessoal Silva, J.C.R.
100 ## - ENTRADA PRINCIPAL - NOME PESSOAL
Nome pessoal Lopes, E.C.
100 ## - ENTRADA PRINCIPAL - NOME PESSOAL
Nome pessoal Nascimento, G. R.
100 ## - ENTRADA PRINCIPAL - NOME PESSOAL
Nome pessoal Lopes, C.C.
100 ## - ENTRADA PRINCIPAL - NOME PESSOAL
Nome pessoal Bandeira, J.M.
100 ## - ENTRADA PRINCIPAL - NOME PESSOAL
Nome pessoal Silva , D.A.
245 ## - TÍTULO PRINCIPAL
Título principal Caracterização nutricional das folhas de Moringa oleifera (MOL) para frangos de corte
500 ## - NOTA GERAL
Nota geral Publicação online; 30 ref.; 3 tables; 2 illus.; Summaries (En, Pt)
942 ## - ADDED ENTRY ELEMENTS (KOHA)
Koha item type
520 ## - NOTA DE RESUMO
Nota de conteúdo <br/><br/>RESUMO - Objetivou-se determinar os valores energéticos e nutricionais das folhas de Moringa oleifera (MOL) para frangos de corte. Utilizaram-se 90 pintos machos, Cobb-500, com 14 dias de idade, distribuídos em delineamento inteiramente ao acaso, com cinco tratamentos e seis repetições de três aves. Os tratamentos consistiram de: uma dieta referência e quatro dietas com substituição de 10%, 20%, 30% e 40% da dieta referência pelas folhas de MOL. O período experimental teve duração de oito dias, utilizando-se a metodologia de coleta total de excretas. Foram determinados os valores de energia metabolizável aparente (EMA), aparente corrigida para o nitrogênio (EMAn), coeficiente de metabolizabilidade aparente da matéria seca (CMAMS), da proteína bruta (CMAPB) e da energia bruta (CMAEB). Os resultados obtidos foram submetidos à análise de variância e à análise de regressão a 5% de probabilidade. Houve efeito quadrático das variáveis à medida que a moringa era adicionada à ração referência. Na derivação das equações de regressão, o nível que proporcionou os melhores valores de EMA, EMAn e CMEB foi de 37,7% de substituição. O farelo de folhas MOL apresentou médias de 3140kcal/kg de EMA, 2845kcal/kg de EMAn, 76,92% de CMAEB, 76,63% de CMAMS e 73,42% de CMAPB.<br/><br/><br/>Palavras-chave: alimento alternativo, digestibilidade, energia metabolizável, fibras
520 ## - NOTA DE RESUMO
Nota de conteúdo <br/><br/>ABSTRACT - This study aimed to determine the energy and nutritional value of the leaves of Moringa oleifera (MOL) for broilers. We used 90 male chicks, Cobb-500, with 14 days of age in a completely randomized design with five treatments and six repetitions of three birds. The treatments were: reference diet and 4 diets with substitution of 10%, 20%, 30%, and 40% of the diet by reference sheet MOL. The trial lasted eight days, using the method of total excreta collection. The apparent metabolizable energy (AME), apparent corrected for nitrogen (AMEn), apparent metabolizable coefficient of dry matter (AMCDM), crude protein (AMCCP) and gross energy (AMCGE). The results were submitted to analysis of variance and regression analysis at 5% probability. There was a quadratic effect of the variables as the moringa was added to the reference diet. In the derivation of the regression equations the level that provided the best values of AME, AMEn, AMCGE was 37.7% substitution. The leaves meal MOL presented average 3140kcal / kg of AME, 2845kcal / kg AMEn, 76.92% of AMCGE, 76.63% of AMCDM and 73.42% of AMCCP.<br/><br/><br/>Keywords: alternative food, digestibility, metabolizable energy, fibers
650 ## - ASSUNTO - THESAGRO
Cabeçalho tópico ou nome geográfico FRANGO DE CORTE
650 ## - ASSUNTO - THESAGRO
Cabeçalho tópico ou nome geográfico NUTRIÇÃO ANIMAL
650 ## - ASSUNTO - THESAGRO
Cabeçalho tópico ou nome geográfico ALIMENTO ALTERNATIVO
650 ## - ASSUNTO - THESAGRO
Cabeçalho tópico ou nome geográfico FIBRA
650 ## - ASSUNTO - THESAGRO
Cabeçalho tópico ou nome geográfico VALOR NUTRITIVO
650 ## - ASSUNTO - THESAGRO
Cabeçalho tópico ou nome geográfico PRODUÇÃO ANIMAL
773 0# - ENTRADA ANALÍTICA
Host Biblionumber 1643
Registro do item 317355
Imprenta Belo Horizonte-MG Universidade Federal de Minas Gerais - Escola de Veterinaria 1983
Outro identificador 2024-4007
Título Arquivo Brasileiro de Medicina Veterinária e Zootecnia (Brazil)
ISSN 0102-0935
Colação v. 70(2) p. 570-578; (2018)
Número de controle de registro BR2024002340
856 ## - ACESSO E ENDEREÇO ELETRÔNICO
Identificador uniforme de recurso - URI https://www.scielo.br/j/abmvz/a/ptwmLsRjjPNtnpFsVnjqpWS/?format=pdf&lang=pt

Nenhum exemplar disponível.

BINAGRI

Telefone: (61)3218-2567/2388/3357/2097 - binagri@agro.gov.br

Ministério da Agricultura e Pecuária , Esplanada dos Ministérios, Bloco D, Anexo B, Brasília/DF, CEP: 70.043-900